000
00219nam a22000857a 4500
999
_c
10980
_d
10980
008
180706b ||||| |||| 00| 0 eng d
100
_a
Quinn Jason
_9
6765
245
_a
The Kaurava Empire
260
_a
New Delhi
_b
Campfire
_c
2016